| 000 | 00599nam a2200145 a 4500 | ||
|---|---|---|---|
| 001 | 000027760 | ||
| 005 | 20200930031056.0 | ||
| 008 | 110404s2004 dr ac 000 0 spa d | ||
| 040 |
_aDO-SdBNP _bspa _cBNPHU |
||
| 082 |
_axxxx _bC737e |
||
| 245 | 0 | 0 |
_aCompartiendo experiencias 2001-2003 : _bdocumento de sistematización de experiencias del Programa de Pequeños Subsidios durante los años 2001-2003 en la República Dominicana. |
| 260 |
_aSanto Domingo : _bPrograma de Pequeños Subsidios del Fondo para el Medio Ambiente Mundial, _c2004. |
||
| 300 |
_a56 p. : _bil., retr. ; _c29 cm. |
||
| 049 | _aBNPD | ||
| 999 |
_c27252 _d27252 |
||